[Event "SVK-ch U16/20 Girls"]
[Site "Stara Lubovna"]
[Date "2021.06.28"]
[Round "4"]
[White "Rachelova, Diana"]
[Black "Havranova, Hana"]
[Result "1-0"]
[WhiteElo "1074"]
[BlackElo "1000"]
[PlyCount "177"]
[EventDate "2021.06.26"]
[EventType "swiss"]
[EventRounds "9"]
[EventCountry "SVK"]
[SourceTitle "CBM 203 Extra"]
[Source "ChessBase"]
[SourceDate "2021.09.30"]
[SourceVersion "1"]
[SourceVersionDate "2021.09.30"]
[SourceQuality "1"]

1. d4 d5 2. c4 c6 3. Nf3 Nf6 4. Nc3 Bf5 5. Ne5 e6 6. Bg5 h6 7. Bh4 g5 8. Bg3 Nbd7 9. e3 Nh5 10. Qxh5 Rh7 11. Nxd7 Qxd7 12. Be2 Bd6 13. Bxd6 Qxd6 14. 0-0 0-0-0 15. Rad1 Bg6 16. Qh3 h5 17. c5 Qc7 18. Bd3 f5 19. Qg3 f4 20. Qxg5 Bxd3 21. Rxd3 f3 22. g3 Rdd7 23. Qg8+ Rd8 24. Qxe6+ Qd7 25. Qxd7+ Rdxd7 26. e4 Rdg7 27. h4 Rg4 28. Rxf3 dxe4 29. Rf4 Rxf4 30. gxf4 Rg7+ 31. Kh2 Rg4 32. Nxe4 Rxf4 33. Ng3 Rxd4 34. Nxh5 Rxh4+ 35. Kg3 Rxh5 36. f4 Rxc5 37. f5 Kd8 38. Kg4 Ke8 39. Kg5 Kf8 40. Kg6 Rc2 41. Rd1 Rg2+ 42. Kf6 Ke8 43. Re1+ Kf8 44. Ke6 Rg7 45. f6 Rg6 46. Kf5 Rh6 47. Re7 Rh2 48. Rxb7 a5 49. Kg6 Rg2+ 50. Kf5 c5 51. Ke6 Re2+ 52. Kf5 a4 53. f7 Rf2+ 54. Ke6 Re2+ 55. Kd6 Rd2+ 56. Kxc5 Rc2+ 57. Kd6 Rd2+ 58. Kc6 Rc2+ 59. Kd7 Rd2+ 60. Kc8 Rc2+ 61. Kb8 Rf2 62. Ka7 Rxf7 63. Rxf7+ Kxf7 64. Kb6 Ke7 65. b4 Kd6 66. Kb5 Kc7 67. Kxa4 Kb6 68. b5 Ka7 69. Ka5 Kb8 70. Ka6 Ka8 71. b6 Kb8 72. b7 Kc7 73. Ka7 Kc6 74. b8Q Kc5 75. Qb6+ Kc4 76. Qa5 Kd3 77. Qc5 Ke2 78. Qd4 Ke1 79. Kb6 Ke2 80. Kc5 Kf3 81. Qe5 Kf2 82. Kd4 Kf3 83. Qe4+ Kf2 84. Qe3+ Kg2 85. Qf4 Kg1 86. Ke3 Kg2 87. Qf3+ Kh2 88. Qg4 Kh1 89. Kf2 1-0